000 00874nam a2200241Ia 4500
003 OSt
005 20220923214353.0
006 a|||||r|||| 00| 0
007 ta
008 220922b |||||||| |||| 00| 0 hin d
024 _a169,240
037 _cTextual
040 _aARTS
_cARTS
_bhin
041 _2hin
_ahin
082 _aO152,1J02x, K3
100 _aगोस्वामी, ललिताचरण, संपा.
245 0 _aश्रीहित चौरासी
_b स्फुट वाणी और सेवक वाणी सहित
246 _aShrīhit chaurāsī: sfuṭ vāṇī aur sevak vāṇī sahita
260 _c1963
650 _aहिन्दी साहित्य
_9156264
942 _hO152,1J02x, K3
_cTEXL
_2CC
999 _c323696
_d323696